Random Animals by Picture #2 - Statistics

General Stats
  • This quiz has been taken 7 times
  • The average score is 5 of 18
Answer Stats
Picture Answer % Correct
Flamingo
67%
Indian Elephant
67%
African Elephant
50%
Asian Elephant
33%
Kentrosaurus
33%
Unicorn
33%
Gemsbok
17%
Greater Flamingo
17%
Grévy's Zebra
17%
Holstein Cow
17%
Masai Giraffe
17%
Plains Zebra
17%
Reticulated Giraffe
17%
Sicilian Dwarf Elephant
17%
Straight-Tusked Elephant
17%
Urial
17%
White Rhinoceros
17%
X-Ray Fish
17%
No matching quizzes found
Score Distribution
Percent of People with Each Score
Percentile by Number Answered
Your Score History
You have not taken this quiz